00488nam a2200157Ia 4500008004100000020001400041082001800055100002000073245008000093250000700173260003200180300002800212500001900240600002100259650005000280240925s9999 xx 000 0 und d a735700060 a005.30287 SHE aShepker, Mathew 0aMCSE Core NT Exams: essential refrence includes coverage of the TCP/IP exam aNA aBoston:bNew Ridersc,1999. axxi,230p.bNAfOriginal aIncludes Index aComputer Science aComputer science, information & general works